<?xml version="1.0" encoding="utf-8"?>
<?xml-stylesheet type='text/xsl' href='./oai2.xsl'?>
<OAI-PMH xmlns="http://www.openarchives.org/OAI/2.0/" xmlns:xsi="http://www.w3.org/2001/XMLSchema-instance" xsi:schemaLocation="http://www.openarchives.org/OAI/2.0/ http://www.openarchives.org/OAI/2.0/OAI-PMH.xsd">
  <responseDate>2026-06-07T07:40:05Z</responseDate>
  <request verb="GetRecord" metadataPrefix="marcxml" identifier="record_kuniweb_944793">https://kulturerbe.niedersachsen.de/oai</request>
  <GetRecord>
    <record>
      <header>
        <identifier>record_kuniweb_944793</identifier>
        <datestamp>2026-03-31T19:09:18Z</datestamp>
        <setSpec>slg0191</setSpec>
      </header>
      <metadata>
        <marc:record xmlns:marc="http://www.loc.gov/MARC21/slim" xsi:schemaLocation="http://www.loc.gov/MARC21/slim http://www.loc.gov/standards/marcxml/schema/MARC21slim.xsd">
          <marc:leader>12345nrm  22     uu 4500</marc:leader>
          <marc:controlfield tag="001">944793</marc:controlfield>
          <marc:controlfield tag="003">http://kuniweb.gbv.de</marc:controlfield>
          <marc:controlfield tag="005">2020-11-03T13:58:00</marc:controlfield>
          <marc:controlfield tag="008">|           ||||||||||||||||||||||</marc:controlfield>
          <marc:datafield tag="245" ind1="1" ind2="0">
            <marc:subfield code="a">Sammlung Reupke: Weihnachtsschmuck "Zeppelin"</marc:subfield>
          </marc:datafield>
          <marc:datafield tag="655" ind1=" " ind2="7">
            <marc:subfield code="a">Alltagskultur</marc:subfield>
          </marc:datafield>
          <marc:datafield tag="046" ind1=" " ind2=" ">
            <marc:subfield code="k">1908</marc:subfield>
            <marc:subfield code="k">ca. 1908</marc:subfield>
          </marc:datafield>
          <marc:datafield tag="260" ind1=" " ind2=" ">
            <marc:subfield code="g">1908</marc:subfield>
            <marc:subfield code="g">ca. 1908</marc:subfield>
          </marc:datafield>
          <marc:datafield tag="300" ind1=" " ind2=" ">
            <marc:subfield code="a">Länge: 12,5 cm
Durchmesser: 2,5 cm</marc:subfield>
          </marc:datafield>
          <marc:datafield tag="520" ind1=" " ind2=" ">
            <marc:subfield code="a">SME A 13339-1
zigarrenförmiger Zeppelin aus Watte, umhüllt mit blauer, durchlochter Metallfolie und umwickelt mit leonischen Drähten. Auf der Oberfläche längs mit metallhaltiger Litze verziert. Propeller mit leonischer Drahtrosette und Metallperle nachgeahmt. Am Zeppelin hängen zwei kleine Wattegondeln, darin jeweils ein aufrecht stehender, aus dünnem Metall geprägter uniformierter Mann (Fb. blau) mit Fernrohr. (Stadtmuseum Einbeck)

Aufschrift:
Graf Zeppelin (Pappschildchen , auf dem Korpus angebracht)

Verwendungszweck:
Weihnachtsschmuck

Gebrauchsort:
Helmstedt (Niedersachsen)

Beschrieben in:
Stille, Eva: Christbaumschmuck. Ein Buch für Sammler und Liebhaber alter Dinge. 2. überarb. Auflage. Nürnberg, Carl, 1985. ISBN 3-418-00322-2 S. 132.</marc:subfield>
          </marc:datafield>
          <marc:datafield tag="650" ind1="1" ind2=" ">
            <marc:subfield code="a">Hausrat &gt; Raumschmuck</marc:subfield>
          </marc:datafield>
          <marc:datafield tag="773" ind1="0" ind2=" ">
            <marc:subfield code="t">Sammlung Festtagskultur</marc:subfield>
          </marc:datafield>
          <marc:datafield tag="852" ind1=" " ind2=" ">
            <marc:subfield code="a">Stadtmuseum Einbeck</marc:subfield>
          </marc:datafield>
          <marc:datafield tag="" ind1=" " ind2=" ">
            <marc:subfield code="a">Namensnennung - Weitergabe unter gleichen Bedingungen 4.0 International (CC BY-SA 4.0)</marc:subfield>
          </marc:datafield>
        </marc:record>
      </metadata>
    </record>
  </GetRecord>
</OAI-PMH>
